Política de ayuda alimentaria y organismos transgénicos: impactos en los países receptores, los casos de Ecuador y Guatemala /
Se analiza el tema de la ayuda alimentaria, el suministro de alimentos para ser distribuidos directamente por una agencia internacional o por una organización no gubernamental a una nación determinada. Se aborda no su aspecto filantrópico sino sus impactos negativos, especialmente con el uso recient...
Збережено в:
| Автор: | |
|---|---|
| Формат: | Текст |
| Предмети: | |
| Теги: |
Додати тег
Немає тегів, Будьте першим, хто поставить тег для цього запису!
|
MARC
| LEADER | 00000 a a2200000 04500 | ||
|---|---|---|---|
| 001 | 41388 | ||
| 003 | |||
| 040 | |||
| 100 | |a Bravo, Ana Lucía | ||
| 245 | |a Política de ayuda alimentaria y organismos transgénicos: |b impactos en los países receptores, los casos de Ecuador y Guatemala / |c Ana Lucía Bravo | ||
| 520 | |a Se analiza el tema de la ayuda alimentaria, el suministro de alimentos para ser distribuidos directamente por una agencia internacional o por una organización no gubernamental a una nación determinada. Se aborda no su aspecto filantrópico sino sus impactos negativos, especialmente con el uso reciente de cultivos transgénicos. La investigación se centra en dos países: Ecuador y Guatemala, y realiza un recorrido histórico sobre la connotación que ha ido adquiriendo la ayuda económica a través de los años y su situación en América Latina. También profundiza el análisis sobre los orígenes de la ayuda alimentaria, y se demuestra que la misma no guarda ninguna relación con las necesidades de los países receptores. | ||
| 590 | |a EFU/AGOSTO2011 | ||
| 650 | |a 1.AYUDA ALIMENTARIA | ||
| 650 | |a 2.COOPERACION INTERNACIONAL | ||
| 650 | |a 3.TRANSGENICOS | ||
| 650 | |a 4.ECUADOR | ||
| 650 | |a 5.GUATEMALA | ||
| 650 | |a 6.ESTUDIOS DE CASOS | ||
| 650 | |a 7.AGRICULTURA | ||
| 773 | |g páginas 309-406 : tablas, gráficos | ||
| 999 | |c 37368 |d 37368 | ||
